Statistics for Museums In New York

Click here to take the quiz!

General Stats

  • This quiz has been taken 202 times
  • The average score is 9 of 50

Answer Stats

HintAnswer% Correct
Where The Starry Night Is HousedMOMA
82%
Most Visited Museum In New York CityThe Met
81%
Bowl-Shaped Art MuseumThe Guggenheim
72%
Next To Ground Zero And One World Trade Center9/11 Memorial Museum
53%
Where You Can See Dinosaur SkeletonsAmerican Museum Of Natural History
31%
Largest Museum In BrooklynBrooklyn Museum
29%
Preserves History And Culture For A Certain ReligionThe Jewish Museum
29%
Museum Of American ArtThe Whitney
28%
Medieval Art MuseumThe Cloisters
27%
The Most Famous Building In New York Has A One-Floor MuseumEmpire State Building
26%
Sexiest Museum In New YorkMuseum Of Sex
23%
Depicts How The First NY Immigrants LivedThe Tenement Museum
23%
The Abbreviation Is AFAMAmerican Folk Art Museum
22%
Contemporary Art Museum In ManhattanNew Museum
22%
Museum About The Subways, Buses & Commuter Rails In NYCNew York Transit Museum
22%
Art Museum In Queens That Has A Huge Model Of New YorkQueens Museum
21%
Renaissance Art MuseumThe Frick
21%
An Aircraft Carrier With Planes On ItThe Intrepid
21%
Children's Museum In BrooklynBrooklyn Children's Museum
19%
Architecture Museum In Battery Park CitySkyscraper Museum
19%
Museum About Himalayan ArtThe Rubin Museum
19%
Spy Museum About The Soviet Union's Spy AgencyKGB Espionage Museum
17%
Museum About The History Of NYCMuseum Of The City Of New York
17%
Museum Dedicated To The NYFDNew York City Fire Museum
17%
Immigration Museum Near The Statue Of LibertyEllis Island National Museum Of Immigration
16%
Museum About Chinese-American HistoryMuseum Of Chinese In America
16%
Smithsonian Design MuseumThe Cooper Hewitt
11%
Founded By JP Morgan Jr.Morgan Library
10%
Museum Of The Art, History And Technology Related To The Moving ImageMuseum Of The Moving Image
10%
Contemporary Art Museum In QueensMoMA PS1
7%
Art Museum With This Japanese-American Sculptor's WorksIsamu Noguchi Museum
5%
Museum About Native American Art And CultureNational Museum Of The American Indian
5%
Science Museum In QueensNew York Hall Of Science
5%
New York's First MuseumNew York Historical Society
5%
Museum About Caribbean, Latino And Latin American ArtEl Museo Del Barrio
3%
Museum About German And Austrian ArtNeue Galerie New York
3%
The Most Fashionable Museum In NYCThe Museum At FIT
3%
Contemporary Art Museum In The BronxBronx Museum Of The Arts
2%
Museum About Photography And Visual CultureInternational Center Of Photography Museum
2%
Only 19th-Century Home In NYC Preserved Intact Inside & OutMerchant's House Museum
2%
Museum That Documents Innovation In Crafts, Art & DesignMuseum Of Arts And Design
2%
The Staten Island Home Of This Famous Female PhotographerAlice Austen House
1%
Learn About The Past, Present & Future Of Brooklyns Navy YardsBLDG 92
1%
Gay And Lesbian Art MuseumLeslie-Lohman Museum Of Art
1%
Smallest Museum In The WorldMmuseumm
1%
Synagogue In Chinatown Is A National Historic LandmarkMuseum At Eldridge Street
1%
Museum About The History Of One Of The Most Mellow Music GenresThe National Jazz Museum In Harlem
1%
African American Art MuseumThe Studio Museum In Harlem
1%
A Living Memorial To Those Who Died In The HolocaustMuseum Of Jewish Heritage
0%
Hands-On Museum Of Mathematical PrinciplesNational Museum Of Mathematics
0%

Score Distribution

Percentile by Number Answered

Percent of People with Each Score

Your Score History

You have not taken this quiz